书目信息 |
| 题名: |
怎样当好组工干部
|
|
| 作者: | 本书编写组编 | |
| 分册: | ||
| 出版信息: | 北京 党建读物出版社 2000 |
|
| 页数: | 188页 | |
| 开本: | 20cm | |
| 丛书名: | ||
| 单 册: | ||
| 中图分类: | D262.3 | |
| 科图分类: | ||
| 主题词: | 中国共产党--干部--工作 | |
| 电子资源: | ||
| ISBN: | 7-80098-418-4 | |
| 000 | 00522nam0 2200181 450 | |
| 001 | 0752252944 | |
| 005 | 20070723105106.65 | |
| 010 | @a7-80098-418-4@dCNY8.00 | |
| 100 | @a20070717d2000 km y0chiy0120 ea | |
| 101 | 0 | @achi |
| 102 | @aCN | |
| 200 | 1 | @a怎样当好组工干部@Azen yang dang hao zu gong gan bu@f本书编写组编@Fben shu bian xie zu bian |
| 210 | @a北京@c党建读物出版社@d2000 | |
| 215 | @a188页@d20cm | |
| 606 | 0 | @a中国共产党@x干部@x工作 |
| 690 | @aD262.3@v3 | |
| 801 | 0 | @aCN@bPFT@c20070723 |
| 905 | @a10447@dD262.3@e205 | |
| 怎样当好组工干部/本书编写组编.-北京:党建读物出版社,2000 |
| 188页;20cm |
| ISBN 7-80098-418-4:CNY8.00 |
| ● |
| 相关链接 |
|
|
|
|
正题名:怎样当好组工干部
索取号:D262.3/205
 
预约/预借
| 序号 | 登录号 | 条形码 | 馆藏地/架位号 | 状态 | 备注 |
| 1 | 0770467 | 207704670 | 第一样本阅览室/ [索取号:D262.3/205] | 在馆 |